000 00838nam a2200241 i 4500
003 DO-SdBNP
005 20250702102533.0
007 ta
008 240918s1970 bl 000 0 spa d
040 _aDO-SdBNP
_bspa
_cBNPHU
_erda
082 _bC961
_222
245 0 0 _aGénesis do ensino de administraca´pública no Brasil /
_cpresentación Benedicto Silva
264 1 _aSao Paulo, Brasil :
_bEscola brasileira de administracao pública,
_bFundacao Getulio Vargas,
_c[1970].
300 _a42 páginas,
_c18 cm.
336 _2rdacontent
_atexto
_btxt
337 _2rdamedia
_asin mediación
_bn
338 _2rdacarrier
_avolumen
_bnc
490 1 _aCadernos de administracao pública
_v49
590 _aInventariado, 2024/ YL
700 1 _4pres.
_aSilva, Benedicto
_epresentación
_986625
910 _aYLockward
942 _2ddc
_cLF2
999 _c57717
_d57717